000 01190cab a2200265 4500
001 ABS52658
008 090401t1995 xxu||||| |||| 00| 0 eng d
035 _a(Sirsi) u89140
041 _aeng
100 _aBrewer, G.
245 4 _aThe future for performance bonds
260 _c1995
350 _a0
490 _aCSM (Chartered Surveyor Monthly)
_v4(6) April 1995, 36-37(2)
520 _aDiscusses "Trafalgar House Construction (Regions) Ltd v General Surety and Guarantee Co Ltd", which concerned the claim on a performance bond issued in favour of a sub-contractor, the assessment of the amount payable and the requirement of proof of damages. The second case examined is "Perar BV v General Surety and Guarantee Co Ltd" (1994), which illustrates the surety`s tactic of highlighting dispute between the employer and contractor as to whether a default has occurred.
650 _aCONDITIONAL BONDS
650 _aDRAFTING
650 _aON DEMAND BONDS
650 _aPERFORMANCE BONDS
650 _aPLAIN ENGLISH
650 _aTRADE INDEMNITY WORKINGTON HARBOUR AND DOCK BOARD
690 _aBUILT ENVIRONMENT-BUILDING CONTRACT FORMS
942 _n0
948 _c04/03/1997
999 _c56367
_d56367